Statistiques concernant Ville européenne à pays °24

Cliquez ici pour prendre le quiz!

Statistiques générales

  • Ce quiz a été pris 106 fois
  • Le résultat moyen est 12 sur 14

Statistiques - réponses

VillePays% Correct
HelsinkiFinlande
100%
AjaccioFrance
100%
GeneveSuisse
100%
VeronaItalie
99%
StuttgartAllemagne
98%
TiranaAlbanie
97%
MaastrichtPays-bas
97%
La LouvièreBelgique
94%
SmolenskRussie
88%
SebastopolUkraine
88%
Esch-sur-AlzetteLuxembourg
78%
KecskemetHongrie
54%
EschenLiechtenstein
38%
SorocaMoldavie
29%

Distribution des résultats

Percentile par nombre de réponses

% des personnes avec chaque résultat

Votre développement - résultats

Vous n’avez pas pris ce quiz